NHL || 30 Goal Seasons - Statistics

General Stats
  • This quiz has been taken 14 times
  • The average score is 66 of 122
Answer Stats
# Seasons Team Answer % Correct
19 WSH Alex Ovechkin
100%
13 PIT Sidney Crosby
91%
5 LAK Artemi Panarin
82%
9 TOR Auston Matthews
82%
5 FLA Brad Marchand
82%
9 EDM Connor McDavid
82%
5 PIT Evgeni Malkin
82%
1 NJD Jack Hughes
82%
4 DAL Jason Robertson
82%
7 EDM Leon Draisaitl
82%
6 DAL Mikko Rantanen
82%
5 CAR Sebastian Aho
82%
3 OTT Brady Tkachuk
73%
5 TBL Brayden Point
73%
1 COL Cale Makar
73%
2 MTL Cole Caufield
73%
5 DET Dylan Larkin
73%
5 NSH Filip Forsberg
73%
2 VGK Jack Eichel
73%
5 DAL Jamie Benn
73%
7 TOR John Tavares
73%
3 NYR J.T. Miller
73%
4 MIN Kirill Kaprizov
73%
4 WPG Mark Scheifele
73%
3 FLA Matthew Tkachuk
73%
2 VGK Mitch Marner
73%
8 COL Nathan MacKinnon
73%
2 MTL Nick Suzuki
73%
8 TBL Nikita Kucherov
73%
9 NSH Steven Stamkos
73%
4 BUF Tage Thompson
73%
1 WSH Tom Wilson
73%
2 VGK William Karlsson
73%
5 TOR William Nylander
73%
2 EDM Zach Hyman
73%
3 LAK Anze Kopitar
64%
3 NYI Bo Horvat
64%
3 COL Brock Nelson
64%
8 BOS David Pastrnak
64%
3 VAN Elias Pettersson
64%
2 VAN Evander Kane
64%
5 TBL Jake Guentzel
64%
1 SEA Jared McCann
64%
2 CGY Jonathan Huberdeau
64%
3 NSH Jonathan Marchessault
64%
3 WPG Jonathan Toews
64%
1 SEA Jordan Eberle
64%
7 WPG Kyle Connor
64%
3 NYR Mika Zibanejad
64%
3 CGY Nazem Kadri
64%
2 NJD Nico Hischier
64%
5 DET Patrick Kane
64%
1 EDM Ryan Nugent-Hopkins
64%
1 OTT Tim Stutzle
64%
5 DAL Tyler Seguin
64%
3 LAK Adrian Kempe
55%
2 FLA Aleksander Barkov
55%
2 NYI Anders Lee
55%
2 OTT Claude Giroux
55%
3 UTA Clayton Keller
55%
6 LAK Corey Perry
55%
2 COL Gabriel Landeskog
55%
2 MIN Matt Boldy
55%
3 DAL Matt Duchene
55%
4 FLA Sam Reinhart
55%
3 VGK Tomas Hertl
55%
1 ANA Troy Terry
55%
4 SJS Tyler Toffoli
55%
1 NYR Vincent Trocheck
55%
5 DET Alex DeBrincat
45%
2 BUF Alex Tuch
45%
1 CAR Andrei Svechnikov
45%
1 EDM Andrew Mangiapane
45%
1 CBJ Boone Jenner
45%
2 TBL Brandon Hagel
45%
1 VAN Brock Boeser
45%
3 ANA Chris Kreider
45%
6 SJS Jeff Skinner
45%
1 NJD Jesper Bratt
45%
2 LAK Kevin Fiala
45%
1 DET Lucas Raymond
45%
1 CHI Nick Foligno
45%
3 MTL Patrik Laine
45%
1 VGK Pavel Dorofeyev
45%
3 DAL Roope Hintz
45%
2 CAR Seth Jarvis
45%
1 CAR Taylor Hall
45%
2 PHI Travis Konecny
45%
1 CHI Tyler Bertuzzi
45%
6 MIN Vladimir Tarasenko
45%
2 DAL Wyatt Johnston
45%
2 MTL Brendan Gallagher
36%
1 PIT Bryan Rust
36%
2 FLA Carter Verhaeghe
36%
1 OTT Dylan Cozens
36%
1 BOS Elias Lindholm
36%
2 DET James van Riemsdyk
36%
1 MIN Joel Eriksson Ek
36%
3 STL Jordan Kyrou
36%
2 BOS Morgan Geekie
36%
1 CHI Ryan Donato
36%
2 PHI Sean Couturier
36%
3 CBJ Sean Monahan
36%
1 CGY Yegor Sharangovich
36%
1 CBJ Adam Fantilli
27%
1 EDM Adam Henrique
27%
1 WSH Aliaksei Protas
27%
1 LAK Andrei Kuzmenko
27%
1 CGY Blake Coleman
27%
1 VGK Brandon Saad
27%
1 ANA Frank Vatrano
27%
1 BUF Josh Norris
27%
1 CBJ Kirill Marchenko
27%
2 NYI Kyle Palmieri
27%
3 PIT Rickard Rakell
27%
3 NJD Timo Meier
27%
1 LAK Trevor Moore
27%
2 BOS Viktor Arvidsson
27%
1 NYI Anthony Duclair
18%
1 BUF Jason Zucker
18%
1 STL Pavel Buchnevich
18%
1 MIN Ryan Hartman
18%
No matching quizzes found
Score Distribution
Percent of People with Each Score
Percentile by Number Answered
Your Score History
You have not taken this quiz